000 00524nam a2200181Ia 4500
005 20250423100516.0
008 250422s9999 xx 000 0 und d
020 _a9781403198860
050 _aBP 605.S2 .H83/
100 _aHubbard, Ron L.
245 0 _aPhilosopher and founder: rediscovery of the human soul
260 _aCalifornia
260 _bBridge Publications
260 _c2012
300 _a231 p
650 _a Hubbard, L. Ron (La Fayette Ron), 1911-1986. Scientology--Doctrines. Dianetics.
942 _cBK
999 _c33523
_d33523